[Event "2nd GMA World Cup prel  #3"]
[Site "Palma de Mallorca"]
[Date "1989.??.??"]
[Round "6"]
[White "Spiridonov, Nikola"]
[Black "Velikov, Petar"]
[Result "1/2-1/2"]
[WhiteElo "2400"]
[BlackElo "2480"]
[EventDate "1989.12.??"]
[PlyCount "36"]

1.e4 c6 2.d4 d5 3.Nd2 dxe4 4.Nxe4 Bf5 5.Ng3 Bg6 6.h4 h6 7.Nf3 Nd7 8.h5 Bh7
9.Bd3 Bxd3 10.Qxd3 Ngf6 11.Bf4 Qa5+ 12.Bd2 Qc7 13.O-O-O e6 14.Kb1 O-O-O 
15.Qe2 Bd6 16.Ne4 Nxe4 17.Qxe4 Nf6 18.Qe2 Rhe8 1/2-1/2

[Event "2nd GMA World Cup prel  #3"]
[Site "Palma de Mallorca"]
[Date "1989.??.??"]
[Round "6"]
[White "Spasov, Luben"]
[Black "Wolff, Patrick"]
[Result "1/2-1/2"]
[WhiteElo "2370"]
[BlackElo "2505"]
[EventDate "1989.12.??"]
[PlyCount "38"]

1.Nf3 c5 2.g3 Nc6 3.Bg2 g6 4.c4 Bg7 5.Nc3 d6 6.O-O Bg4 7.Rb1 Qd7 8.Qa4 Nf6
9.Re1 Bh3 10.Bh1 h5 11.a3 h4 12.b4 hxg3 13.fxg3 Bf5 14.d3 O-O 15.Nd5 cxb4 
16.Nxb4 Ng4 17.Bb2 Bxb2 18.Rxb2 Qe6 19.Nd5 Qd7 1/2-1/2

[Event "2nd GMA World Cup prel  #3"]
[Site "Palma de Mallorca"]
[Date "1989.??.??"]
[Round "6"]
[White "Kosten, Anthony Cornelius"]
[Black "Gurgenidze, Bukhuti"]
[Result "1-0"]
[WhiteElo "2500"]
[BlackElo "2360"]
[EventDate "1989.12.??"]
[PlyCount "69"]

1.e4 c5 2.Nc3 e6 3.f4 Nc6 4.Nf3 d5 5.Bb5 Nf6 6.e5 Ng8 7.Bxc6+ bxc6 8.d3 
Nh6 9.O-O Nf5 10.Ne2 c4 11.g4 cxd3 12.cxd3 Nh4 13.Ng3 Qb6+ 14.Kh1 Nxf3 15.
Qxf3 h5 16.gxh5 c5 17.Be3 Bb7 18.d4 cxd4 19.Bg1 a5 20.Rac1 Rc8 21.Rxc8+ 
Bxc8 22.Rc1 Bd7 23.Qd1 Bc5 24.Qc2 Be7 25.Ne2 Rxh5 26.Bxd4 Qb5 27.Rg1 Kf8 
28.Rg3 g6 29.Rb3 Qa4 30.Bc5 Qe4+ 31.Qxe4 dxe4 32.Rb8+ Be8 33.Bd6 g5 34.Nd4
Rh4 35.Rb7 1-0

[Event "2nd GMA World Cup prel  #3"]
[Site "Palma de Mallorca"]
[Date "1989.??.??"]
[Round "6"]
[White "Pachman, Ludek"]
[Black "Averbakh, Yury"]
[Result "1/2-1/2"]
[WhiteElo "2380"]
[BlackElo "2470"]
[EventDate "1989.12.??"]
[PlyCount "29"]

1.d4 d5 2.c4 e6 3.Nc3 Nf6 4.cxd5 exd5 5.Bg5 c6 6.e3 Be7 7.Qc2 Nbd7 8.Bd3 
O-O 9.Nge2 Re8 10.O-O-O Nf8 11.h3 b5 12.Kb1 a5 13.g4 N6d7 14.Bxe7 Qxe7 15.
Ng3 1/2-1/2

[Event "2nd GMA World Cup prel  #3"]
[Site "Palma de Mallorca"]
[Date "1989.??.??"]
[Round "6"]
[White "Gufeld, Eduard"]
[Black "Veroci-Petronic, Zsuzsa"]
[Result "1-0"]
[WhiteElo "2490"]
[BlackElo "2340"]
[EventDate "1989.12.??"]
[PlyCount "74"]

1.e4 e5 2.Nf3 Nc6 3.Bb5 a6 4.Ba4 Nf6 5.O-O Be7 6.Re1 b5 7.Bb3 d6 8.c3 O-O 
9.h3 Be6 10.d4 Bxb3 11.axb3 exd4 12.cxd4 d5 13.e5 Ne4 14.Nc3 f5 15.exf6 
Bxf6 16.Nxe4 dxe4 17.Rxe4 Qd5 18.Rf4 Rad8 19.Be3 Nb4 20.Qd2 c5 21.dxc5 
Qxd2 22.Bxd2 Nd3 23.Rf5 Bxb2 24.Rxf8+ Rxf8 25.Ra2 Rc8 26.b4 Rc6 27.Kf1 Bf6
28.Ke2 Nb2 29.Be3 Na4 30.Kd3 Nc3 31.Rc2 Nd5 32.Bd2 Kf7 33.Nd4 Bxd4 34.Kxd4
Ne7 35.Bg5 Nf5+ 36.Ke5 g6 37.Kd5 Re6 1-0

[Event "2nd GMA World Cup prel  #3"]
[Site "Palma de Mallorca"]
[Date "1989.??.??"]
[Round "6"]
[White "Izeta Txabarri, Felix"]
[Black "Petrosian, Arshak"]
[Result "0-1"]
[WhiteElo "2340"]
[BlackElo "2490"]
[EventDate "1989.12.??"]
[PlyCount "92"]

1.d4 Nf6 2.Nf3 d6 3.c4 Nbd7 4.Nc3 c6 5.e4 e5 6.Be2 Be7 7.O-O O-O 8.Re1 a6 
9.a3 Re8 10.b4 exd4 11.Nxd4 Bf8 12.Bf1 Ne5 13.Bb2 Qc7 14.Rc1 Bd7 15.h3 
Rad8 16.f4 Ng6 17.Qf3 a5 18.b5 Bc8 19.g4 Nd7 20.Nf5 Nc5 21.h4 d5 22.e5 h5 
23.cxd5 hxg4 24.Qxg4 Qb6 25.Kh1 cxd5 26.h5 Nh4 27.Qxh4 Bxf5 28.Bh3 Qe6 29.
Bxf5 Qxf5 30.Rg1 Nd3 31.Rcf1 Nxb2 32.Rf3 d4 33.Nb1 Nc4 34.Rfg3 Kh7 35.Kh2 
Ne3 36.Rg5 Qc2+ 37.Kh3 Re6 38.Qg3 Nf5 39.Qf3 Rh6 40.a4 Rc8 41.Na3 Qc3 42.
Qxc3 Rxc3+ 43.Kg4 Ne3+ 44.Kf3 Rxa3 45.Ke4 Nc4 46.f5 Nxe5 0-1

[Event "2nd GMA World Cup prel  #3"]
[Site "Palma de Mallorca"]
[Date "1989.??.??"]
[Round "6"]
[White "Gurevich, Dmitry"]
[Black "Voiska, Margarita"]
[Result "1-0"]
[WhiteElo "2490"]
[BlackElo "2335"]
[EventDate "1989.12.??"]
[PlyCount "67"]

1.d4 e6 2.c4 f5 3.g3 Nf6 4.Bg2 c6 5.Nf3 d5 6.O-O Bd6 7.Bf4 Bxf4 8.gxf4 O-O
9.e3 Bd7 10.Nc3 Be8 11.Qc2 Nbd7 12.cxd5 cxd5 13.Rac1 Rc8 14.Qb3 Qb6 15.
Nxd5 Qxb3 16.axb3 Rxc1 17.Nxf6+ Nxf6 18.Rxc1 Bc6 19.Ng5 Bxg2 20.Kxg2 Re8 
21.Rc7 h6 22.Nf7 Ne4 23.Ne5 a5 24.Nc4 b5 25.Nxa5 Rf8 26.Nc6 Kh7 27.b4 Ra8 
28.Na7 Rb8 29.Rc6 Rb7 30.Nc8 Rd7 31.h4 Rd8 32.Na7 Ra8 33.Nxb5 Ra2 34.Nc3 
1-0

[Event "2nd GMA World Cup prel  #3"]
[Site "Palma de Mallorca"]
[Date "1989.??.??"]
[Round "6"]
[White "Magerramov, Elmar"]
[Black "Maric, Alisa"]
[Result "1-0"]
[WhiteElo "2470"]
[BlackElo "2355"]
[EventDate "1989.12.??"]
[PlyCount "65"]

1.d4 d5 2.c4 e6 3.Nf3 Nf6 4.Nc3 Be7 5.Bg5 h6 6.Bh4 O-O 7.e3 b6 8.Rc1 Bb7 
9.Be2 dxc4 10.Bxc4 Nbd7 11.O-O c5 12.Bg3 cxd4 13.exd4 Nh5 14.Re1 Nxg3 15.
hxg3 Nf6 16.Ne5 Bb4 17.Qd3 Bxc3 18.bxc3 Rc8 19.Bb3 Rc7 20.g4 Qd6 21.f3 Rd8
22.Rcd1 Rdc8 23.c4 Nd7 24.Nxf7 Kxf7 25.c5 Nxc5 26.Qf5+ Ke7 27.dxc5 Qxc5+ 
28.Qxc5+ bxc5 29.Bxe6 Ra8 30.Bc4+ Kf8 31.Re5 g5 32.Re6 Rc6 33.Rd7 1-0

[Event "2nd GMA World Cup prel  #3"]
[Site "Palma de Mallorca"]
[Date "1989.??.??"]
[Round "6"]
[White "Naumkin, Igor"]
[Black "Muresan-Juncu, Margareta"]
[Result "1-0"]
[WhiteElo "2470"]
[BlackElo "2215"]
[EventDate "1989.12.??"]
[PlyCount "87"]

1.d4 Nf6 2.c4 g6 3.Nc3 Bg7 4.e4 d6 5.Nf3 O-O 6.Be2 c5 7.d5 e6 8.O-O Re8 9.
h3 a6 10.a4 exd5 11.exd5 b6 12.Bd3 Ra7 13.Bf4 Rae7 14.Qd2 Qc7 15.b3 Nbd7 
16.Bh2 h6 17.Ra2 Nh7 18.a5 bxa5 19.Nd1 f5 20.Rxa5 Ng5 21.Nxg5 hxg5 22.Ra2 
Bf6 23.f4 gxf4 24.Bxf4 Bd4+ 25.Kh1 Ne5 26.Bg5 Nxd3 27.Bxe7 Nb4 28.Bg5 Nxa2
29.Qxa2 Qh7 30.Qd2 Qh5 31.Be3 Be5 32.Nf2 g5 33.Bxg5 Bg3 34.Kg1 Re2 35.Qc1 
Be5 36.Nd3 Bd4+ 37.Kh1 Re4 38.Bf4 Qe2 39.Qd1 Qa2 40.Bxd6 f4 41.Nxf4 Re3 
42.Qh5 Rg3 43.Qe8+ Kh7 44.Qe4+ 1-0

[Event "2nd GMA World Cup prel  #3"]
[Site "Palma de Mallorca"]
[Date "1989.??.??"]
[Round "6"]
[White "Nikolic, Stanimir"]
[Black "Comas i Fabrego, Lluis"]
[Result "0-1"]
[WhiteElo "2320"]
[BlackElo "2335"]
[EventDate "1989.12.??"]
[PlyCount "66"]

1.c4 e5 2.Nc3 Nc6 3.g3 g6 4.Bg2 Bg7 5.Rb1 Nge7 6.b4 a6 7.e3 O-O 8.Nge2 d6 
9.O-O Rb8 10.a4 a5 11.bxa5 Nxa5 12.d3 c6 13.Ba3 f5 14.Qd2 Be6 15.Bb4 b6 
16.Rfc1 Qd7 17.Nd1 g5 18.f4 gxf4 19.exf4 Nb7 20.fxe5 dxe5 21.d4 c5 22.Bxb7
cxb4 23.Bf3 f4 24.gxf4 exf4 25.Nf2 Nf5 26.d5 Nh4 27.Bh1 Bg4 28.Nd4 Rf6 29.
Nxg4 Qxg4+ 30.Kf2 Qh3 31.Ke1 Re8+ 32.Kd1 Rg6 33.Ne6 Qf1+ 0-1

[Event "2nd GMA World Cup prel  #3"]
[Site "Palma de Mallorca"]
[Date "1989.??.??"]
[Round "6"]
[White "Zatulovskaya, Tatiana"]
[Black "Erenska-Radzewska, Hanna"]
[Result "0-1"]
[WhiteElo "2120"]
[BlackElo "2265"]
[EventDate "1989.12.??"]
[PlyCount "68"]

1.e4 c5 2.Nf3 Nc6 3.d4 cxd4 4.Nxd4 Qb6 5.Nb5 a6 6.Be3 Qd8 7.N5c3 e6 8.Be2 
b5 9.O-O Nf6 10.Nd2 Be7 11.f4 d6 12.Bf3 Qc7 13.g4 Nd7 14.a4 b4 15.Ne2 Rb8 
16.Ng3 O-O 17.g5 Na5 18.Bg2 Re8 19.f5 exf5 20.Nxf5 Bf8 21.Rc1 Ne5 22.Bd4 
Nac6 23.Nb3 Be6 24.Ne3 Qd8 25.h4 Qd7 26.Qe2 Bxb3 27.Bxe5 Bxa4 28.Bg3 Bb5 
29.Qd2 Ne5 30.Rfd1 a5 31.Nd5 Qg4 32.Qf2 Be2 33.Rd4 Nf3+ 34.Bxf3 Bxf3 0-1

[Event "2nd GMA World Cup prel  #3"]
[Site "Palma de Mallorca"]
[Date "1989.??.??"]
[Round "6"]
[White "Heemskerk, Fenny"]
[Black "Madl, Ildiko"]
[Result "0-1"]
[WhiteElo "2020"]
[BlackElo "2310"]
[EventDate "1989.12.??"]
[PlyCount "74"]

1.Nf3 Nf6 2.d4 c5 3.d5 e6 4.c4 exd5 5.cxd5 d6 6.Nc3 g6 7.e4 Bg7 8.Bd3 O-O 
9.O-O Bg4 10.h3 Bxf3 11.Qxf3 a6 12.a4 Nbd7 13.Bf4 Ne8 14.Qg3 Ne5 15.Bxe5 
Bxe5 16.f4 Bd4+ 17.Kh1 Ng7 18.Be2 Qe7 19.Bf3 Rab8 20.Rab1 Qf6 21.Bg4 h5 
22.Be2 Rfe8 23.e5 Nf5 24.Qd3 dxe5 25.Ne4 Qh4 26.g4 Ne3 27.Rf3 hxg4 28.Rxe3
exf4 29.Nf6+ Qxf6 30.Rxe8+ Rxe8 31.Bxg4 Qh4 32.Qf1 Qg5 33.Bf3 Qf5 34.d6 
Qd7 35.Qg2 Re3 36.Rf1 Qxd6 37.Bxb7 Rb3 0-1

[Event "2nd GMA World Cup prel  #3"]
[Site "Palma de Mallorca"]
[Date "1989.??.??"]
[Round "7"]
[White "Arnason, Jon"]
[Black "Dolmatov, Sergei"]
[Result "1-0"]
[WhiteElo "2520"]
[BlackElo "2615"]
[EventDate "1989.12.??"]
[PlyCount "111"]

1.e4 c5 2.Nf3 d6 3.d4 cxd4 4.Nxd4 Nf6 5.Nc3 a6 6.f4 e6 7.Be2 Be7 8.O-O Qc7
9.Bf3 O-O 10.Be3 Nc6 11.Nxc6 bxc6 12.Na4 Bb7 13.c4 c5 14.Nc3 Nd7 15.Qd2 
Nb8 16.Rad1 Nc6 17.Kh1 Rfd8 18.Qf2 Rac8 19.b3 g6 20.g4 Bf8 21.Bg2 Bg7 22.
Ne2 Re8 23.f5 exf5 24.gxf5 Ne5 25.Qg3 Nd7 26.fxg6 hxg6 27.Qxd6 Qxd6 28.
Rxd6 Nf6 29.Rfxf6 Bxf6 30.Rxf6 Bxe4 31.Nf4 Rcd8 32.Kg1 Rd1+ 33.Kf2 Bxg2 
34.Nxg2 Re6 35.Rxe6 fxe6 36.Nf4 Kf7 37.Ne2 Rb1 38.Nc1 Rb2+ 39.Kg3 Rc2 40.
h4 Kf6 41.Kf4 Rh2 42.Kg4 Rc2 43.Nd3 Rxa2 44.Bg5+ Kf7 45.Nxc5 a5 46.Kf4 Re2
47.Kf3 Rc2 48.Ke4 Rc3 49.Kd4 Rh3 50.Ke5 Rc3 51.Kd6 a4 52.bxa4 Rxc4 53.a5 
Rc3 54.a6 e5 55.Kc6 e4 56.a7 1-0

[Event "2nd GMA World Cup prel  #3"]
[Site "Palma de Mallorca"]
[Date "1989.??.??"]
[Round "7"]
[White "Chandler, Murray Graham"]
[Black "Rashkovsky, Nukhim"]
[Result "0-1"]
[WhiteElo "2585"]
[BlackElo "2520"]
[EventDate "1989.12.??"]
[PlyCount "76"]

1.e4 c5 2.Nf3 d6 3.d4 cxd4 4.Nxd4 Nf6 5.Nc3 a6 6.Be3 e5 7.Nf3 Qc7 8.a4 Be7
9.a5 O-O 10.Be2 Nc6 11.Bb6 Qd7 12.Nd2 d5 13.Nxd5 Nxd5 14.exd5 Qxd5 15.O-O 
Qe6 16.Re1 Kh8 17.Nc4 e4 18.c3 f5 19.Bc7 Bd8 20.Qd6 Qf7 21.Bxd8 Rxd8 22.
Qf4 Be6 23.Nb6 Rab8 24.f3 Qg6 25.fxe4 fxe4 26.Bf1 Bf5 27.Nc4 Rf8 28.Nd6 h6
29.b4 Rbd8 30.Nxf5 Rxf5 31.Qxe4 Ne5 32.Re3 Rdf8 33.Bd3 Qg5 34.Rae1 g6 35.
Be2 R8f7 36.h3 h5 37.Qd4 Kh7 38.Rd1 Rf2 0-1

[Event "2nd GMA World Cup prel  #3"]
[Site "Palma de Mallorca"]
[Date "1989.??.??"]
[Round "7"]
[White "Vukic, Milan"]
[Black "Spraggett, Kevin"]
[Result "1/2-1/2"]
[WhiteElo "2500"]
[BlackElo "2585"]
[EventDate "1989.12.??"]
[PlyCount "82"]

1.Nf3 Nf6 2.g3 g6 3.b3 b6 4.Bg2 Bb7 5.Bb2 Bg7 6.O-O O-O 7.c4 c5 8.Nc3 Na6 
9.e3 e6 10.d4 d5 11.Ne5 Qe7 12.cxd5 exd5 13.Qe2 Rfd8 14.f4 Nc7 15.Rfd1 Ne6
16.dxc5 Nxc5 17.Rac1 a5 18.Rc2 Nfe4 19.Nxe4 dxe4 20.Rcd2 Ba6 21.Rxd8+ Rxd8
22.Nc6 Rxd1+ 23.Qxd1 Qc7 24.Bxg7 Kxg7 25.Qa1+ f6 26.Nd4 Qd7 27.h3 Bd3 28.
Qc3 Qd6 29.Kh2 Kf7 30.b4 axb4 31.Qxb4 Qc7 32.a3 h5 33.Qb2 Qd6 34.Qa2+ Kg7 
35.Qb2 Nb7 36.Qc3 Nc5 37.Qb2 Kh7 38.Qb4 Qc7 39.Qb2 Kg7 40.Qa2 Qd7 41.Qb2 
Qd6 1/2-1/2

[Event "2nd GMA World Cup prel  #3"]
[Site "Palma de Mallorca"]
[Date "1989.??.??"]
[Round "7"]
[White "Damljanovic, Branko"]
[Black "Ruban, Vadim"]
[Result "1/2-1/2"]
[WhiteElo "2555"]
[BlackElo "2515"]
[EventDate "1989.12.??"]
[PlyCount "128"]

1.c4 c5 2.Nc3 Nc6 3.Nf3 g6 4.e3 Nf6 5.d4 cxd4 6.exd4 d5 7.Bg5 Ne4 8.cxd5 
Nxc3 9.bxc3 Qxd5 10.c4 Qe4+ 11.Be3 Bg7 12.Bd3 Qg4 13.O-O O-O 14.Rc1 b6 15.
Re1 Qd7 16.d5 Ne5 17.Nxe5 Bxe5 18.Bh6 Bg7 19.Bxg7 Kxg7 20.Qe2 e6 21.dxe6 
fxe6 22.Qe5+ Kg8 23.Be4 Bb7 24.Rcd1 Qf7 25.Bxb7 Qxb7 26.Qxe6+ Qf7 27.f3 
Rac8 28.Rd4 Qxe6 29.Rxe6 Rfd8 30.Ree4 Rxd4 31.Rxd4 Rc5 32.Rd8+ Kg7 33.Rd7+
Kh6 34.Rxa7 Rxc4 35.a4 Rb4 36.g3 g5 37.Kg2 Kg6 38.g4 Rb2+ 39.Kg3 h5 40.Ra6
h4+ 41.Kh3 Kg7 42.Ra7+ Kg6 43.Re7 Rb3 44.Kg2 Rb2+ 45.Kg1 Ra2 46.Re6+ Kg7 
47.Rxb6 Rxa4 48.Rb2 Kg6 49.Kf2 Rc4 50.Rd2 Rc3 51.Ke2 Kf6 52.Rd6+ Kg7 53.
Rd7+ Kf6 54.Rd6+ Kg7 55.h3 Ra3 56.Rd3 Ra1 57.f4 gxf4 58.Kf3 Ra4 59.Rb3 Kg6
60.Rb6+ Kg5 61.Rb5+ Kg6 62.g5 Kh5 63.Rf5 Rb4 64.Ra5 Rc4 1/2-1/2

[Event "2nd GMA World Cup prel  #3"]
[Site "Palma de Mallorca"]
[Date "1989.??.??"]
[Round "7"]
[White "Hector, Jonny"]
[Black "Kudrin, Sergei"]
[Result "0-1"]
[WhiteElo "2500"]
[BlackElo "2570"]
[EventDate "1989.12.??"]
[PlyCount "200"]

1.e4 c5 2.b4 cxb4 3.c4 e5 4.Nf3 Nc6 5.Bb2 d6 6.d4 exd4 7.Nxd4 Nf6 8.Nd2 
Be7 9.Bd3 O-O 10.O-O Nxd4 11.Bxd4 Nd7 12.Qb1 Nc5 13.Bc2 Ne6 14.Be3 Bf6 15.
e5 Bxe5 16.Bxh7+ Kh8 17.Bc2 Bxa1 18.Qxa1 Bd7 19.Qd1 Qh4 20.Nf3 Qh5 21.Qxd6
Bc6 22.Bd1 Rad8 23.Qg3 Qg6 24.Qxg6 fxg6 25.Ne5 Be4 26.Bf3 Bf5 27.Bxb7 Kh7 
28.g4 Bd3 29.Re1 Nf4 30.c5 Ne6 31.Rd1 Bc4 32.Rxd8 Nxd8 33.Nxc4 Nxb7 34.c6 
Nd8 35.Bc5 Rf7 36.Ne5 Rc7 37.Bxb4 Nxc6 38.Nxc6 Rxc6 39.a3 Kg8 40.Kg2 Kf7 
41.Kg3 Rc4 42.f3 Rd4 43.h4 Rd5 44.Bc3 a5 45.Kf4 Rc5 46.Be5 Rb5 47.Bc3 a4 
48.Bd4 Rb3 49.Bc5 Rc3 50.Bd6 Rd3 51.Bc5 Rd5 52.Bb6 Ke6 53.Be3 Kd6 54.Ke4 
Ke6 55.Kf4 Rd1 56.Bc5 Rd2 57.Bf8 Ra2 58.Bb4 Rh2 59.Kg3 Rb2 60.Bf8 Rb7 61.
Bc5 Ke5 62.Be3 Kd5 63.Kf4 Rb3 64.Bc1 Ke6 65.Kg5 Kf7 66.Kf4 Rc3 67.Bb2 Rd3 
68.Kg3 Rb3 69.Bc1 Ke6 70.Kf4 Kf6 71.Ke4 Rb1 72.Be3 Rh1 73.Bf2 Rh2 74.Bg3 
Re2+ 75.Kd3 Ra2 76.Bd6 Ke6 77.Bf8 Rh2 78.Bxg7 Rxh4 79.Ke4 Rh7 80.Bd4 Rh2 
81.Bc5 Rd2 82.Bd4 Re2+ 83.Kf4 Ra2 84.Bc5 Rc2 85.Bd4 Ra2 86.Bc5 Rb2 87.Ke4 
Rb5 88.Bd4 Rb3 89.Bc5 Rc3 90.Bf8 Rc4+ 91.Ke3 Rc8 92.Bg7 Rc7 93.Bf8 Rf7 94.
Bb4 Kd5 95.Bd2 Rf8 96.Bc1 Rc8 97.Bd2 Rc2 98.Bb4 Rb2 99.Be7 Rb7 100.Bf8 Rb8
0-1

[Event "2nd GMA World Cup prel  #3"]
[Site "Palma de Mallorca"]
[Date "1989.??.??"]
[Round "7"]
[White "Psakhis, Lev"]
[Black "Gheorghiu, Florin"]
[Result "1/2-1/2"]
[WhiteElo "2565"]
[BlackElo "2500"]
[EventDate "1989.12.??"]
[PlyCount "81"]

1.d4 Nf6 2.c4 c5 3.d5 d6 4.Nc3 g6 5.e4 Bg7 6.Bg5 h6 7.Bf4 Nh5 8.Bd2 e5 9.
g3 Nf6 10.h4 h5 11.Qc1 Ng4 12.f3 Nh6 13.Bh3 f6 14.Bxc8 Qxc8 15.Nh3 Nf7 16.
Qc2 Bh6 17.Bxh6 Nxh6 18.O-O-O Ke7 19.Rdg1 a6 20.Qe2 Nd7 21.Nf2 Qf8 22.g4 
Nf7 23.Kb1 hxg4 24.fxg4 Kd8 25.Ncd1 Rh7 26.Ne3 Qh8 27.h5 Kc7 28.Qf3 Rg8 
29.hxg6 Rxg6 30.Rxh7 Qxh7 31.Rh1 Rh6 32.Rh5 Qg6 33.Nf5 Rh7 34.a4 Ng5 35.
Qh1 Nf8 36.a5 Qf7 37.Ka2 Ng6 38.Rxh7 Qxh7 39.Qh5 Kd7 40.Ka3 Nf4 41.Qxh7+ 
1/2-1/2

[Event "2nd GMA World Cup prel  #3"]
[Site "Palma de Mallorca"]
[Date "1989.??.??"]
[Round "7"]
[White "Suba, Mihai"]
[Black "Tukmakov, Vladimir"]
[Result "1-0"]
[WhiteElo "2500"]
[BlackElo "2565"]
[EventDate "1989.12.??"]
[PlyCount "73"]

1.c4 f5 2.Nf3 Nf6 3.g3 e6 4.Bg2 d5 5.O-O Bd6 6.d4 c6 7.b3 Qe7 8.a4 a5 9.
Ba3 Bxa3 10.Nxa3 b6 11.Ne5 Bb7 12.cxd5 exd5 13.Qc2 Qe6 14.Bh3 g6 15.Rfd1 
Na6 16.Qb2 O-O 17.e3 Rac8 18.Rac1 c5 19.Nb5 Nb4 20.Bf1 Ba6 21.Nd3 Ne4 22.
dxc5 Bxb5 23.axb5 bxc5 24.Nf4 Qf6 25.Qxf6 Nxf6 26.Ne6 Rfe8 27.Rxc5 Ne4 28.
Rxc8 Rxc8 29.Nd4 Nc3 30.Ra1 Ra8 31.Rc1 Nba2 32.Rc2 Rc8 33.Nc6 Kf7 34.Kg2 
Ke6 35.Nxa5 Nb4 36.Rc1 Nba2 37.Ra1 1-0

[Event "2nd GMA World Cup prel  #3"]
[Site "Palma de Mallorca"]
[Date "1989.??.??"]
[Round "7"]
[White "Vladimirov, Evgeny"]
[Black "Kosten, Anthony Cornelius"]
[Result "1-0"]
[WhiteElo "2565"]
[BlackElo "2500"]
[EventDate "1989.12.??"]
[PlyCount "107"]

1.d4 Nf6 2.c4 e6 3.Nf3 Bb4+ 4.Bd2 a5 5.Nc3 d6 6.g3 Nbd7 7.Bg2 e5 8.O-O c6 
9.Qc2 O-O 10.Bg5 Bxc3 11.bxc3 h6 12.Bc1 Re8 13.Rb1 e4 14.Nd2 Qe7 15.e3 Nf8
16.c5 dxc5 17.Ba3 N8d7 18.dxc5 Qe6 19.Qb3 Qf5 20.Nc4 Ne5 21.Nd6 Qh5 22.
Nxe8 Nfg4 23.h4 Be6 24.Qd1 Rxe8 25.Bxe4 g5 26.f4 Nc4 27.f5 Bd5 28.Bxd5 
cxd5 29.Bc1 gxh4 30.Rf4 Nce5 31.gxh4 Qxh4 32.Rb2 Kh7 33.Rg2 Rg8 34.f6 Rg5 
35.Qxd5 Qe1+ 36.Rf1 Qxc3 37.Qd4 Qd3 38.Qxd3+ Nxd3 39.e4 Rg6 40.Ba3 h5 41.
Rf5 Kg8 42.Kh1 Nde5 43.Bb2 Nd3 44.Bc3 Nh6 45.Rxg6+ fxg6 46.c6 bxc6 47.Rxa5
Nf2+ 48.Kg2 Nxe4 49.Ra8+ Kf7 50.Ra7+ Ke6 51.Re7+ Kd5 52.Re5+ Kc4 53.Rxe4+ 
Kxc3 54.a4 1-0

[Event "2nd GMA World Cup prel  #3"]
[Site "Palma de Mallorca"]
[Date "1989.??.??"]
[Round "7"]
[White "Murshed, Niaz"]
[Black "Dorfman, Iosif"]
[Result "0-1"]
[WhiteElo "2475"]
[BlackElo "2585"]
[EventDate "1989.12.??"]
[PlyCount "72"]

1.d4 d6 2.c4 e5 3.Nc3 exd4 4.Qxd4 Nc6 5.Qd2 g6 6.b3 Bg7 7.Bb2 Nf6 8.g3 O-O
9.Nh3 a5 10.Nf4 a4 11.Nxa4 Ne4 12.Qc1 Nd4 13.Bg2 Re8 14.O-O Bg4 15.f3 g5 
16.e3 Nxf3+ 17.Bxf3 Bxf3 18.Rxf3 gxf4 19.Bxg7 Kxg7 20.Qb2+ Qf6 21.Qxf6+ 
Kxf6 22.Re1 d5 23.cxd5 b5 24.Nb2 Kg7 25.Rxf4 Rxa2 26.Nd3 Rd2 27.Rg4+ Kh8 
28.Nf4 f5 29.Rh4 Ng5 30.Rf1 Rxe3 31.Rh5 Nf3+ 32.Kh1 Rxb3 33.Ra1 Rbb2 34.
Ra8+ Kg7 35.Ne6+ Kf6 36.Rf8+ Ke7 0-1

[Event "2nd GMA World Cup prel  #3"]
[Site "Palma de Mallorca"]
[Date "1989.??.??"]
[Round "7"]
[White "Miles, Anthony John"]
[Black "Wojtkiewicz, Aleksander"]
[Result "1-0"]
[WhiteElo "2580"]
[BlackElo "2475"]
[EventDate "1989.12.??"]
[PlyCount "93"]

1.g3 Nf6 2.Bg2 g6 3.e4 d6 4.d4 Bg7 5.Ne2 O-O 6.O-O e5 7.h3 Nbd7 8.Nbc3 c6 
9.Be3 Re8 10.g4 Nb6 11.b3 d5 12.dxe5 Nxe4 13.Nxe4 dxe4 14.Qxd8 Rxd8 15.
Rad1 Re8 16.Nc3 Bxe5 17.Nxe4 Nd5 18.Bh6 f5 19.Rxd5 cxd5 20.Ng5 Bg7 21.
Bxd5+ Kh8 22.Nf7+ Kg8 23.Nd6+ Be6 24.Nxe8 Rxe8 25.Bxe6+ Rxe6 26.Bxg7 Kxg7 
27.Rd1 Re7 28.gxf5 gxf5 29.Rd6 b6 30.c4 Kf7 31.Kg2 Ke8 32.Rd3 Kf7 33.Kf3 
Kf6 34.Rd1 Kg5 35.Rd6 h5 36.Kg3 f4+ 37.Kf3 Kh4 38.Rd5 Rh7 39.Rd1 Re7 40.b4
a5 41.bxa5 bxa5 42.c5 Rc7 43.Rc1 Rc6 44.a4 Kg5 45.Ke4 Kh4 46.Rc3 f3 47.Kd5
1-0

[Event "2nd GMA World Cup prel  #3"]
[Site "Palma de Mallorca"]
[Date "1989.??.??"]
[Round "7"]
[White "Ftacnik, Lubomir"]
[Black "Timoschenko, Gennady"]
[Result "0-1"]
[WhiteElo "2550"]
[BlackElo "2500"]
[EventDate "1989.12.??"]
[PlyCount "78"]

1.d4 Nf6 2.c4 g6 3.Nc3 Bg7 4.e4 d6 5.Be2 O-O 6.Nf3 e5 7.O-O Na6 8.Re1 c6 
9.Rb1 Qe7 10.d5 Nc5 11.Nd2 a5 12.b3 Bh6 13.Qc2 Bd7 14.a3 Rfc8 15.b4 axb4 
16.axb4 Na6 17.b5 Nc5 18.Nb3 Nxb3 19.Qxb3 Bxc1 20.Rexc1 cxb5 21.cxb5 Rc5 
22.Ra1 Rac8 23.Qb2 Qf8 24.Bd3 Qh6 25.Ne2 Qh4 26.Rxc5 Rxc5 27.Ng3 Qg5 28.
Nf1 Qf4 29.Re1 h5 30.f3 h4 31.Nd2 Nh5 32.Nb3 Rc8 33.Na5 h3 34.Nxb7 hxg2 
35.Nxd6 Rb8 36.Nc4 Qh4 37.Ra1 Nf4 38.Nxe5 Qg5 39.Kf2 Qxe5 0-1

[Event "2nd GMA World Cup prel  #3"]
[Site "Palma de Mallorca"]
[Date "1989.??.??"]
[Round "7"]
[White "Campora, Daniel Hugo"]
[Black "Popovic, Petar"]
[Result "1/2-1/2"]
[WhiteElo "2495"]
[BlackElo "2550"]
[EventDate "1989.12.??"]
[PlyCount "49"]

1.e4 c5 2.Nf3 d6 3.d4 cxd4 4.Nxd4 Nf6 5.Nc3 Nc6 6.Be2 e5 7.Nb3 Be7 8.O-O 
O-O 9.f4 a5 10.Be3 a4 11.Nd2 a3 12.Nc4 axb2 13.Rb1 exf4 14.Bb6 Qe8 15.Rxf4
Ne5 16.Rxb2 Nxc4 17.Bxc4 Be6 18.Nd5 Bxd5 19.exd5 Qc8 20.Bd3 g6 21.Bb5 Bd8 
22.Bf2 Ra5 23.c4 Nh5 24.Rf3 Bf6 25.Rc2 1/2-1/2

[Event "2nd GMA World Cup prel  #3"]
[Site "Palma de Mallorca"]
[Date "1989.??.??"]
[Round "7"]
[White "Gufeld, Eduard"]
[Black "Browne, Walter Shawn"]
[Result "1/2-1/2"]
[WhiteElo "2490"]
[BlackElo "2555"]
[EventDate "1989.12.??"]
[PlyCount "116"]

1.g3 e5 2.Bg2 d5 3.d3 c6 4.Nf3 Nd7 5.e4 dxe4 6.dxe4 Ngf6 7.Nbd2 Bc5 8.O-O 
O-O 9.b3 Re8 10.Bb2 b5 11.a3 a5 12.c3 Bd6 13.Qc2 Qe7 14.Rfd1 Nc5 15.Rac1 
Bg4 16.h3 Bxf3 17.Bxf3 Red8 18.Be2 Qe6 19.Kg2 h5 20.h4 Ng4 21.b4 Na4 22.
Nb3 axb4 23.cxb4 Rdc8 24.Ba1 Be7 25.Na5 c5 26.Bxb5 cxb4 27.Nc6 Nc3 28.Bxc3
bxc3 29.Qxc3 Bxa3 30.Ra1 Bd6 31.Rxa8 Rxa8 32.Bc4 Qf6 33.Rd2 Ra3 34.Bb3 Bc5
35.Qxc5 Rxb3 36.Ne7+ Kh7 37.Nf5 Rb6 38.Qf8 Nh6 39.Nxh6 Qxh6 40.Rd7 Qg6 41.
Rxf7 Qxe4+ 42.Kh2 Qg6 43.Qe7 Rf6 44.Rxf6 Qxf6 45.Qc5 Qf3 46.Kg1 e4 47.Qd5 
Kg6 48.Qe6+ Kh7 49.Qd6 Kg8 50.Kf1 Kh7 51.Ke1 Qc3+ 52.Qd2 Qa1+ 53.Ke2 Qa6+ 
54.Ke3 Qh6+ 55.Ke2 Qa6+ 56.Ke1 Qa1+ 57.Ke2 Qa6+ 58.Ke3 Qh6+ 1/2-1/2

[Event "2nd GMA World Cup prel  #3"]
[Site "Palma de Mallorca"]
[Date "1989.??.??"]
[Round "7"]
[White "Hulak, Krunoslav"]
[Black "Watson, William"]
[Result "1/2-1/2"]
[WhiteElo "2550"]
[BlackElo "2495"]
[EventDate "1989.12.??"]
[PlyCount "40"]

1.d4 Nf6 2.c4 g6 3.Nf3 Bg7 4.g3 c6 5.Bg2 d5 6.cxd5 cxd5 7.O-O O-O 8.Nc3 e6
9.Ne5 Nfd7 10.f4 f6 11.Nd3 Nc6 12.e3 f5 13.Ne5 Ndxe5 14.dxe5 Rf7 15.Qe2 b6
16.Rd1 Nb4 17.a3 Ba6 18.Nb5 Qe8 19.Bf1 Nc2 20.Ra2 Rc8 1/2-1/2

[Event "2nd GMA World Cup prel  #3"]
[Site "Palma de Mallorca"]
[Date "1989.??.??"]
[Round "7"]
[White "Sveshnikov, Evgeny"]
[Black "Eingorn, Vyacheslav"]
[Result "1/2-1/2"]
[WhiteElo "2485"]
[BlackElo "2560"]
[EventDate "1989.12.??"]
[PlyCount "92"]

1.e4 c5 2.c3 e6 3.d4 d5 4.e5 Qb6 5.Nf3 Nc6 6.a3 c4 7.Nbd2 Na5 8.Be2 Bd7 9.
O-O Ne7 10.Re1 Qc6 11.Qc2 Nc8 12.Ng5 h6 13.Nh3 Nb6 14.Nf4 O-O-O 15.Nh5 Qc7
16.a4 Bc6 17.Bd1 Kb8 18.Re3 Rc8 19.Rg3 g6 20.Nf6 Nd7 21.Nxd7+ Qxd7 22.Rf3 
Rc7 23.Qb1 Qe8 24.h4 h5 25.Rg3 Bd7 26.Nf3 Nb3 27.Bxb3 cxb3 28.a5 Bb5 29.
Bg5 Be2 30.Bf6 Rg8 31.Ng5 Bh6 32.Nh3 Bg4 33.Bg5 Bxh3 34.Rxh3 Bxg5 35.hxg5 
Qd8 36.Rg3 Rc6 37.Qf1 Ra6 38.Qb5 Re8 39.c4 dxc4 40.Rc3 Rc6 41.Rxc4 Rxc4 
42.Qxc4 Qxg5 43.a6 Rc8 44.Qxb3 Rc1+ 45.Rxc1 Qxc1+ 46.Kh2 Qf4+ 1/2-1/2

[Event "2nd GMA World Cup prel  #3"]
[Site "Palma de Mallorca"]
[Date "1989.??.??"]
[Round "7"]
[White "Kuzmin, Gennady"]
[Black "Lputian, Smbat"]
[Result "0-1"]
[WhiteElo "2495"]
[BlackElo "2540"]
[EventDate "1989.12.??"]
[PlyCount "72"]

1.Nf3 d5 2.d4 c5 3.c4 dxc4 4.e4 cxd4 5.Bxc4 Nc6 6.O-O e6 7.e5 Nge7 8.Bg5 
h6 9.Bxe7 Bxe7 10.Nbd2 O-O 11.Qe2 b6 12.Qe4 Bb7 13.Bd3 g6 14.Qg4 Kg7 15.a3
h5 16.Qg3 h4 17.Qg4 Rh8 18.Rfe1 Rh5 19.b4 a6 20.Re4 Qd5 21.Rae1 Rah8 22.
Rf4 Nxe5 23.Rxe5 Rxe5 24.Rxd4 Rg5 25.Qf4 Qa2 26.Rd7 Qa1+ 27.Bf1 Bxf3 28.
Nxf3 Rf5 29.Qc7 Rhh5 30.Nd4 Qb2 31.Nxf5+ Rxf5 32.f3 Bg5 33.Qxb6 Re5 34.Qb7
Be3+ 35.Kh1 Rf5 36.Rd1 Rd5 0-1